| 000 | 01118nam a2200301 a 4500 | ||
|---|---|---|---|
| 001 | 000112534 | ||
| 003 | CHAP | ||
| 005 | 20220329144311.0 | ||
| 008 | 160613s2016 mx sm |||||||spa d | ||
| 010 | _a108995 | ||
| 011 | _a109967 | ||
| 040 | _cCHAP | ||
| 090 | _aTesis | ||
| 100 | 1 |
_aRivera Mejía, Silvia _997693 |
|
| 245 | 1 | 0 |
_aAnálisis de la competitividad del cultivo de tomate en agricultura protegida, en Valles Centrales, Oaxaca _h[En línea] _cpor Silvia Rivera Mejía. |
| 260 |
_aChapingo, Méx. : _bEl autor, _c2016. |
||
| 500 | _aPara ver el contenido del material haga clic en la liga | ||
| 502 | _aTesis (Ph. D. en Ciencias en Economía Agrícola) -- UACH. División de Ciencias Económico Administrativas | ||
| 590 |
_aE5765TAJ _b05 _c20160613 _lUCH01 _h0926 |
||
| 590 |
_aE5765TAJ _b05 _c20160613 _lUCH01 _h0926 |
||
| 650 | 1 | 4 |
_aSistemas de producción. _9106767 |
| 650 | 1 | 4 |
_aTomate _xCultivos en invernadero. _9113704 |
| 650 | 1 | 4 |
_aTomate _xRendimiento. _9113761 |
| 856 |
_aFinding aid _uhttp://10.13.5.2/tesis/sist112534.pdf _zTeclea aquí |
||
| 901 | _aBK | ||
| 942 | _cTESIS | ||
| 942 | _n0 | ||
| 999 |
_c108995 _d108995 |
||